000 00342nam a22001577a 4500
003 MACL
005 20151120154739.0
008 151120b xxu||||| |||| 00| 0 eng d
040 _cMACL
041 _aEnglish
082 _a900
100 _aAshraf,Jaweed
_917640
245 _aGreat Mughals
650 _aHistory
_917641
942 _2ddc
_cBK
999 _c50760
_d50760